000 01259nam a2200373 i 4500
001 000002625
003 DO-SdBNP
005 20251126080522.0
007 ta
008 090703s2003 dr d 000 0 spa d
020 _a9993490911
040 _aDO-SdBNP
_bspa
_cBNPHU
_erda
041 _aspa
082 _a320.024
_bP437f 2003
_222
100 1 _aPerelló, César Alberto,
_d1963-
_98281
245 1 0 _aFinanzas personales :
_bmanual para el buen manejo de sus recursos /
_cCésar Alberto Perelló ; prólogo Jochy Santos.
250 _aSegunda edición
264 _aSanto Domingo :
_bLibros,
_c2003.
300 _a154 páginas :
_bdiagramas ;
_c21 cm.
336 _ardacontent
_btexto
_2txt
337 _ardamedia
_bsin mediación
_2n
338 _ardacarrier
_bvolumen
_2nc
500 _aIncluye índice.
500 _aIncluye datos biográficos del autor en la solapa
500 _aIncluye notas a pie de páginas.
590 _aInventariado, 2020 /LP
590 _aLa biblioteca posee 3 ejemplares autografiados por el autor.
650 7 _aFinanzas personales
_2Sears
_98282
650 4 _aAhorros y economía
_98283
650 4 _aCosto y nivel de vida
_98284
700 1 _aSantos, Jochy,
_eprólogo
_98285
910 _aDG
942 _2ddc
_cLBS1
999 _c2461
_d2461